000 00696nam a2200217 a 4500
001 18429
003 CO-ViMGA
008 141112s2004 ck r 000 u spa d
020 _a9589701396
040 _aCO-ViMGA
_bspa
_cCO-ViMGA
082 0 4 _a510.7 C654m
100 1 _aColombia . Ministerio de educación Nacional,
_952712
110 _aMemorias del congreso Internacional
_926249
245 1 0 _aTecnologías computacionales en el currículo de matemáticas
260 _aBogotá,
_cMinisterio de educación,
_c2002
300 _a369.p.
590 _aForma de adquisición : Premio - Mincultura
650 1 4 _aMATEMATICAS - ENSEÑANZA
650 1 4 _aTECNOLOGIA - EDUCATIVA
942 _2ddc
_cBK
999 _c27727
_d27727